<?xml version="1.0" encoding="UTF-8"?>
<record
    xmlns:xsi="http://www.w3.org/2001/XMLSchema-instance"
    xsi:schemaLocation="http://www.loc.gov/MARC21/slim http://www.loc.gov/standards/marcxml/schema/MARC21slim.xsd"
    xmlns="http://www.loc.gov/MARC21/slim">

  <leader>01002nam a2200229 a 4500</leader>
  <controlfield tag="001">000033472</controlfield>
  <controlfield tag="003">OSt</controlfield>
  <controlfield tag="005">20260321073642.0</controlfield>
  <controlfield tag="008">081117s1980    dr            000 j spa d</controlfield>
  <datafield tag="040" ind1=" " ind2=" ">
    <subfield code="a">DO-SdBNP</subfield>
    <subfield code="b">spa</subfield>
    <subfield code="c">BNPHU</subfield>
  </datafield>
  <datafield tag="082" ind1=" " ind2=" ">
    <subfield code="a">RD863.44</subfield>
    <subfield code="b">B742c, 1980</subfield>
  </datafield>
  <datafield tag="100" ind1="1" ind2=" ">
    <subfield code="a"> Bosch, Juan, </subfield>
    <subfield code="d">1909-2001</subfield>
    <subfield code="9">76555</subfield>
  </datafield>
  <datafield tag="245" ind1="1" ind2="0">
    <subfield code="a">Cuentos escritos antes del exilio /</subfield>
    <subfield code="c">Juan Bosch.</subfield>
  </datafield>
  <datafield tag="250" ind1=" " ind2=" ">
    <subfield code="a">2a ed.</subfield>
  </datafield>
  <datafield tag="260" ind1=" " ind2=" ">
    <subfield code="a">Santo Domingo :</subfield>
    <subfield code="b">Alfa &amp; Omega,</subfield>
    <subfield code="c">1980.</subfield>
  </datafield>
  <datafield tag="300" ind1=" " ind2=" ">
    <subfield code="a">284 p. : ;</subfield>
    <subfield code="c">21 cm.</subfield>
  </datafield>
  <datafield tag="505" ind1="0" ind2=" ">
    <subfield code="a">La mujer --</subfield>
    <subfield code="t">Dos pesos de agua --</subfield>
    <subfield code="t">La verdad --</subfield>
    <subfield code="t">Piloncito --</subfield>
    <subfield code="t">El resguardo --</subfield>
    <subfield code="t">El cobarde --</subfield>
    <subfield code="t">Chucho --</subfield>
    <subfield code="t">La pulper&#xED;a --</subfield>
    <subfield code="t">Revoluci&#xF3;n --</subfield>
    <subfield code="t">El abuelo --</subfield>
    <subfield code="t">Sombras --</subfield>
    <subfield code="t">El alzado --</subfield>
    <subfield code="t">La p&#xE1;jara --</subfield>
    <subfield code="t">El algarrobo --</subfield>
    <subfield code="t">Forzados --</subfield>
    <subfield code="t">El cuchillo --</subfield>
    <subfield code="t">Cundito --</subfield>
    <subfield code="t">Guaraguaos --</subfield>
    <subfield code="t">La sangre --</subfield>
    <subfield code="t">Lucero --</subfield>
    <subfield code="t">Lo mejor --</subfield>
    <subfield code="t">San Andr&#xE9;s --</subfield>
    <subfield code="t">La negaci&#xF3;n --</subfield>
    <subfield code="t">Camino real.</subfield>
  </datafield>
  <datafield tag="650" ind1=" " ind2="0">
    <subfield code="a">Cuentos dominicanos</subfield>
    <subfield code="9">176</subfield>
  </datafield>
  <datafield tag="650" ind1=" " ind2="0">
    <subfield code="a">Literatura dominicana.</subfield>
    <subfield code="9">67</subfield>
  </datafield>
  <datafield tag="910" ind1=" " ind2=" ">
    <subfield code="a">Validado. Control de calidad MFF</subfield>
  </datafield>
  <datafield tag="942" ind1=" " ind2=" ">
    <subfield code="2">ddc</subfield>
    <subfield code="c">LBS1</subfield>
  </datafield>
  <datafield tag="952" ind1=" " ind2=" ">
    <subfield code="0">0</subfield>
    <subfield code="1">0</subfield>
    <subfield code="7">1</subfield>
    <subfield code="8">PD</subfield>
    <subfield code="a">PD</subfield>
    <subfield code="b">PD</subfield>
    <subfield code="c">HD</subfield>
    <subfield code="d">2011-08-30</subfield>
    <subfield code="i">LF1</subfield>
    <subfield code="l">0</subfield>
    <subfield code="o">RD863.44 B742c, 1980</subfield>
    <subfield code="p">33472-10</subfield>
    <subfield code="r">2020-06-25</subfield>
    <subfield code="w">2020-06-25</subfield>
    <subfield code="y">LFPD</subfield>
    <subfield code="Z">No se presta</subfield>
  </datafield>
  <datafield tag="999" ind1=" " ind2=" ">
    <subfield code="c">32963</subfield>
    <subfield code="d">32963</subfield>
  </datafield>
</record>
